000 00726nam a2200229Ii 4500
003 JO-AjNU
008 230605s9999||||xx |||||||||||||| ||und||
017 _a2009/20747
020 _a977-17-7810-2
040 _aJO-AjNU
_bara
_erda
_cJO-AjNU
041 _aara
050 1 4 _aHD37.A7.J33.2010
100 3 _aجاد الرب،سيد محمد,
_eauthor
_931076
245 0 0 _aالاتجاهات الحديثة في إدارة الاعمال
264 3 1 _aالقاهرة:المؤلف،2010
300 _a613ص
336 _atext
_btxt
_2rdacontent
337 _aunmediated
_bn
_2rdamedia
338 _avolume
_bnc
_2rdacarrier
490 0 _aمراجع ادارة الاعمال
650 4 _aادارة الاعمال
_931077
999 _aA12391
_c15959
_d15959